Sex pre pokročilých praktická príručka

Bibliographic Details
Main Author: Baxendale, Martin (Author)
Other Authors: Zábojníková, Anna (Translator)
Format: Book
Language:Slovak
English
PhysicalDescription:31 s. ilustr. 15x21 cm
Published: Bratislava Fragment 2005
ISBN:8089210031
Edition:1. vyd.
Subjects:

MARC

LEADER 00000nam a2200000 a 4500
001 vtls008156654
003 SK-MaSNL
005 20260301204252.0
008 251031s2005 xo a g f 000 0 slo
015 |a SNBA2005/08-03119 
020 |a 8089210031  |q (brož.) 
035 |a urn:nbn:sk:snk-am00cv87 
035 |a urn:nbn:sk:snk-am3hogp 
035 |a F683C24F-FF00-4D4B-85C2-C353B3F8CB55 
040 |a SNK  |b slo  |c SNK  |e AACR2 
041 1 |a slo  |h eng 
044 |a xo  |c SK 
072 7 |a 613  |x Hygiena. Ľudské zdravie  |2 konspekt 
080 |a (035)  |2 MDT-MRF 
080 |a (041)  |2 MDT-MRF 
080 |a 82-7  |2 MDT-MRF 
080 |a 613.88  |2 MDT-MRF 
100 1 |a Baxendale, Martin  |4 aut  |9 316144 
240 1 0 |a Better sex guide  |l Slovensky 
245 1 0 |a Sex pre pokročilých  |b praktická príručka  |c Martin Baxendale; [z anglického originálu preložila Anna Zábojníková] 
250 |a 1. vyd. 
260 |a Bratislava  |b Fragment  |c 2005 
300 |a 31 s.  |b ilustr.  |c 15x21 cm 
650 0 7 |a sex  |2 SNKPH  |9 2586 
650 0 7 |a humor  |2 SNKPH  |9 1763 
655 7 |a príručky  |2 SNKPH  |9 74364 
655 7 |a brožúry  |2 SNKPH  |9 70146 
700 1 |a Zábojníková, Anna  |4 trl  |9 588849 
919 |a 80-89210-03-1 
968 |b ENG  |d 61 
999 |c 905751  |d 907681 
952 |a SNK  |b SNK  |y PREZ  |7 0  |p 17A0471161  |o snkSE 10939  |i snk2005/8941  |8 0  |0 0  |1 0  |4 0  |d 2005-05-27  |f 1  |l 0  |r 2026-02-24 07:27:42  |w 2026-02-24 
952 |a SNK  |b SNK  |y VYP  |7 0  |p 17A0471160  |o snkSE 10939 D1  |i snk2005/8942  |8 0  |0 0  |1 0  |4 0  |d 2005-05-27  |l 0  |r 2026-02-24 07:27:42  |w 2026-02-24